| 000 | 00531nam a22001817a 4500 | ||
|---|---|---|---|
| 005 | 20260226143422.0 | ||
| 008 | 260226b |||||||| |||| 00| 0 eng d | ||
| 020 | _a978-0-1280-9474-7 | ||
| 050 | _aQA 76.9 .D3 S29 2018 | ||
| 100 | _a SAYOOD KHALID | ||
| 245 | _aINTRODUCTION TO DATA COMPRESSION | ||
| 250 | _a5TH EDITION | ||
| 260 |
_aHAMPSHIRE STREET . _bMORGAN KAUFMANN PUBLISHERS. _c2018. |
||
| 300 | _aXXIII,765P,:ILL | ||
| 500 | _aINCLUDES APPENDIX,BIBLOGRAPHY, INDEX | ||
| 650 | _aDATA COMPRESSION | ||
| 942 |
_2lcc _cBK |
||
| 999 |
_c216709 _d216709 |
||